[Event "XXXIIIè Obert del Catalunya Es"]
[Site "Barcelona (Spain)"]
[Date "2009.04.04"]
[Round "1.1"]
[White "Garcia Sanchez, David Manrique"]
[Black "Karlsson, Lars"]
[Result "0-1"]
[WhiteElo "1863"]
[BlackElo "2446"]
[PlyCount "78"]
[EventDate "2009.04.04"]

1. e4 d6 2. d4 g6 3. Nf3 Bg7 4. Bc4 Nf6 5. Nbd2 O-O 6. O-O c6 7. Bb3 d5 8. Re1
Na6 9. c3 Nc7 10. Ne5 Be6 11. Bc2 Nd7 12. f4 Nxe5 13. fxe5 c5 14. Nf3 cxd4 15.
cxd4 dxe4 16. Bxe4 Bd5 17. Bxd5 Qxd5 18. Be3 Rfd8 19. Rc1 Ne6 20. Qa4 a6 21.
Red1 f6 22. Qb4 Rd7 23. Rd2 Rad8 24. b3 f5 25. Rdc2 Qe4 26. Bf2 Bh6 27. Nd2 Qd3
28. Bh4 Qxd4+ 29. Qxd4 Rxd4 30. Nf3 Bxc1 31. Nxd4 Nxd4 32. Rc7 Be3+ 33. Kf1 g5
34. Be1 Kf7 35. Bb4 Nc6 36. Bc3 Rd3 37. Be1 Nd4 38. Rc3 Rxc3 39. Bxc3 Ke6 0-1

[Event "XXXIIIè Obert del Catalunya Es"]
[Site "Barcelona (Spain)"]
[Date "2009.04.04"]
[Round "1.2"]
[White "Vidarte Morales, Arturo"]
[Black "Salazar Navas, Josep"]
[Result "1-0"]
[WhiteElo "2428"]
[BlackElo "1856"]
[PlyCount "38"]
[EventDate "2009.04.04"]

1. c4 e5 2. g3 Nc6 3. Nc3 g6 4. Bg2 Bg7 5. Rb1 d6 6. b4 f5 7. e3 Rb8 8. b5 Nce7
9. d3 Bd7 10. Nge2 Nf6 11. a4 O-O 12. Ba3 c5 13. bxc6 Bxc6 14. e4 Rf7 15. O-O
Qd7 16. Nb5 Bxb5 17. Rxb5 Ne8 18. exf5 Nxf5 19. Bd5 Nh6 1-0

[Event "XXXIIIè Obert del Catalunya Es"]
[Site "Barcelona (Spain)"]
[Date "2009.04.04"]
[Round "1.3"]
[White "Casset Bello, Helena"]
[Black "Gonzalez Rodriguez, Jorge A"]
[Result "0-1"]
[WhiteElo "1854"]
[BlackElo "2407"]
[PlyCount "101"]
[EventDate "2009.04.04"]

1. d4 Nf6 2. c4 e6 3. Nc3 Bb4 4. e3 b6 5. Nf3 Bb7 6. Bd3 Bxc3+ 7. bxc3 d6 8.
O-O c5 9. Qe2 Nc6 10. e4 e5 11. d5 Ne7 12. Bg5 Ng6 13. Nd2 h6 14. Be3 O-O 15.
f4 exf4 16. Bxf4 Nxf4 17. Rxf4 Nd7 18. Raf1 Qe7 19. Qh5 Ne5 20. Be2 Qg5 21.
Qxg5 hxg5 22. R4f2 g4 23. Rf4 Bc8 24. Nb1 Bd7 25. Na3 f6 26. Nb5 Bxb5 27. cxb5
Kh8 28. Ra1 g6 29. a4 Kg7 30. a5 Rab8 31. Rff1 f5 32. exf5 Rxf5 33. axb6 axb6
34. Ra6 Kf6 35. Rfa1 Kg5 36. Ra8 Rxa8 37. Rxa8 Kf4 38. Ra4+ Ke3 39. Bxg4 Rf4
40. Rxf4 Kxf4 41. Be6 Ke3 42. h3 c4 43. Kf1 Kd2 44. g4 Kxc3 45. h4 Kd2 46. h5
gxh5 47. gxh5 c3 48. Bf5 Nd3 49. h6 c2 50. h7 c1=Q+ 51. Kg2 0-1

[Event "XXXIIIè Obert del Catalunya Es"]
[Site "Barcelona (Spain)"]
[Date "2009.04.04"]
[Round "1.4"]
[White "Jerez Perez, Alfonso"]
[Black "Penalver Guardia, Josep"]
[Result "1-0"]
[WhiteElo "2386"]
[BlackElo "1852"]
[PlyCount "43"]
[EventDate "2009.04.04"]

1. e4 e6 2. b3 d5 3. Bb2 dxe4 4. Nc3 Nf6 5. Qe2 Nbd7 6. O-O-O Be7 7. g4 h6 8.
Bg2 c5 9. h4 Qa5 10. g5 hxg5 11. hxg5 Rxh1 12. Bxh1 Nd5 13. Kb1 Bxg5 14. Bxe4
N5f6 15. Nf3 Bh6 16. d4 cxd4 17. Nxd4 a6 18. Nf5 Nxe4 19. Nxe4 Kf8 20. Nxh6
gxh6 21. Qg4 Qf5 22. Ba3+ 1-0

[Event "XXXIIIè Obert del Catalunya Es"]
[Site "Barcelona (Spain)"]
[Date "2009.04.04"]
[Round "1.6"]
[White "Martin Grillo, Ruben"]
[Black "Moreno Crespo, Lorenzo"]
[Result "1-0"]
[WhiteElo "2229"]
[BlackElo "1842"]
[PlyCount "61"]
[EventDate "2009.04.04"]

1. Nf3 d5 2. c4 c6 3. e3 Nf6 4. Nc3 Qc7 5. d4 e6 6. Bd3 Be7 7. O-O O-O 8. b3 b6
9. Bb2 dxc4 10. bxc4 Nbd7 11. Rc1 Bb7 12. Bb1 a6 13. Qe2 c5 14. Rfd1 Rad8 15.
d5 exd5 16. Nxd5 Nxd5 17. cxd5 Bf6 18. Qc2 g6 19. a4 Bg7 20. Bxg7 Kxg7 21. Qb2+
Kg8 22. Ba2 Qd6 23. Nd2 Qf6 24. Rb1 Qg5 25. f4 Qf5 26. Nc4 Qe4 27. Kh1 Bxd5 28.
Nd6 Qxa4 29. Bxd5 Nb8 30. Nxf7 Rxf7 31. Bxf7+ 1-0

[Event "XXXIIIè Obert del Catalunya Es"]
[Site "Barcelona (Spain)"]
[Date "2009.04.04"]
[Round "1.7"]
[White "Matamoros Sibira, Joan"]
[Black "Marches Rios, Joan Manuel"]
[Result "0-1"]
[WhiteElo "1830"]
[BlackElo "2215"]
[PlyCount "88"]
[EventDate "2009.04.04"]

1. e4 c6 2. d4 d5 3. Nd2 dxe4 4. Nxe4 Bf5 5. Ng3 Bg6 6. h4 h6 7. Nf3 Nd7 8. h5
Bh7 9. Bd3 Bxd3 10. Qxd3 Qc7 11. Bd2 e6 12. O-O-O Ngf6 13. Kb1 O-O-O 14. Ne4
Nxe4 15. Qxe4 Bd6 16. c4 c5 17. Bc3 Nf6 18. Qe1 Rhe8 19. dxc5 Bxc5 20. Bxf6
gxf6 21. Qe2 Qb6 22. Rxd8+ Rxd8 23. Nd2 Bxf2 24. Ne4 Qe3 25. Qxe3 Bxe3 26. Nxf6
Rd2 27. Ng4 Bg5 28. g3 Re2 29. b3 f5 30. Nh2 Bf6 31. Nf3 Rb2+ 32. Kc1 Rxa2 33.
Re1 Ra1+ 34. Kc2 Rxe1 35. Nxe1 Be5 36. g4 fxg4 37. Kd3 Kc7 38. Ke4 Bd6 39. Ng2
Kd7 40. Ne3 g3 41. Ng2 Ke7 42. Kd4 Kf6 43. c5 Bc7 44. b4 Kg5 0-1

[Event "XXXIIIè Obert del Catalunya Es"]
[Site "Barcelona (Spain)"]
[Date "2009.04.04"]
[Round "1.8"]
[White "Capellades Subirana, Marc"]
[Black "Ribon Calabia, Mariano"]
[Result "1-0"]
[WhiteElo "2191"]
[BlackElo "1817"]
[PlyCount "49"]
[EventDate "2009.04.04"]

1. e4 e6 2. d4 d5 3. Nd2 Nf6 4. e5 Nfd7 5. Bd3 c5 6. c3 Nc6 7. Ne2 Qb6 8. Nf3
f6 9. exf6 Nxf6 10. O-O cxd4 11. Nexd4 Bd6 12. Be3 Ng4 13. Nb5 Nxe3 14. Nxd6+
Kd7 15. Nxc8 Raxc8 16. fxe3 Qxe3+ 17. Kh1 Rcf8 18. Bb5 Rf6 19. Qd4 Qh6 20. Qxa7
Kc7 21. Bxc6 Kxc6 22. Ne5+ Kc7 23. Qc5+ Kd8 24. Nf7+ Rxf7 25. Rxf7 1-0

[Event "XXXIIIè Obert del Catalunya Es"]
[Site "Barcelona (Spain)"]
[Date "2009.04.04"]
[Round "1.10"]
[White "Ridameya Tatche, Jose Miguel"]
[Black "Gias Ramon, Jose Luis"]
[Result "1-0"]
[WhiteElo "2140"]
[BlackElo "1795"]
[PlyCount "44"]
[EventDate "2009.04.04"]

1. e4 c6 2. d4 d5 3. e5 Bf5 4. Ne2 e6 5. h4 h6 6. Nf4 Nd7 7. Bd3 Bxd3 8. Qxd3
Ne7 9. Nd2 Nb6 10. a4 a5 11. b3 Qc7 12. Nf3 O-O-O 13. Bd2 Nd7 14. Rc1 c5 15. c4
b6 16. cxd5 Nxd5 17. Nxd5 exd5 18. Qf5 Kb8 19. Qxf7 Qc6 20. O-O Nxe5 21. Nxe5
Qb7 22. Qxb7+ Kxb7 1-0

[Event "XXXIIIè Obert del Catalunya Es"]
[Site "Barcelona (Spain)"]
[Date "2009.04.04"]
[Round "1.5"]
[White "Martinez Hernandez, Emili"]
[Black "Perpinya Rofes, Lluis Maria"]
[Result "0-1"]
[WhiteElo "1849"]
[BlackElo "2385"]
[PlyCount "38"]
[EventDate "2009.04.04"]

1. d4 Nf6 2. Nf3 g6 3. g3 Bg7 4. Bg2 O-O 5. O-O d6 6. Re1 Nbd7 7. a4 c5 8. e3
Ne4 9. c3 Ndf6 10. Nfd2 d5 11. Nxe4 Nxe4 12. dxc5 Nxc5 13. Bxd5 Bf5 14. Qf3 e6
15. Bxb7 Rb8 16. e4 Bh3 17. Bc6 Nd3 18. Rd1 Ne5 19. Qe2 Qc7 0-1

[Event "XXXIIIè Obert del Catalunya Es"]
[Site "Barcelona (Spain)"]
[Date "2009.04.05"]
[Round "2.1"]
[White "Karlsson, Lars"]
[Black "Molero Tejada, Santiago"]
[Result "1-0"]
[WhiteElo "2446"]
[BlackElo "1999"]
[PlyCount "105"]
[EventDate "2009.04.04"]

1. c4 Nf6 2. g3 g6 3. Bg2 c5 4. Nc3 Nc6 5. a3 Bg7 6. e3 O-O 7. Nge2 a6 8. O-O
Qc7 9. Rb1 b6 10. Nd5 Qa7 11. b4 Rb8 12. Bb2 Nxd5 13. cxd5 Bxb2 14. Rxb2 Nd8
15. bxc5 bxc5 16. Rxb8 Qxb8 17. Qc2 d6 18. Rb1 Qa7 19. Qb2 f6 20. Qb6 Qxb6 21.
Rxb6 Nf7 22. f4 Bg4 23. Nc3 Ra8 24. e4 Bc8 25. Kf2 Kf8 26. d4 cxd4 27. Ne2 d3
28. Nd4 Nd8 29. Ke3 Ke8 30. Bf1 Nb7 31. Ne6 Bxe6 32. Rxb7 Bc8 33. Rb2 Kd8 34.
Bxd3 Ra7 35. h4 Rb7 36. Rxb7 Bxb7 37. g4 h6 38. g5 hxg5 39. hxg5 fxg5 40. fxg5
Kd7 41. Bc4 Kc7 42. Kd4 Kb6 43. Bd3 a5 44. e5 dxe5+ 45. Kxe5 Kc5 46. Bxg6 Bxd5
47. Bf5 Bf7 48. Bd3 Bh5 49. Bf5 Kc4 50. Bd7 Bd1 51. a4 Kb4 52. Ke6 Bc2 53. Kxe7
1-0

[Event "XXXIIIè Obert del Catalunya Es"]
[Site "Barcelona (Spain)"]
[Date "2009.04.05"]
[Round "2.2"]
[White "Madrid Sole, Antonio"]
[Black "Vidarte Morales, Arturo"]
[Result "0-1"]
[WhiteElo "1994"]
[BlackElo "2428"]
[PlyCount "82"]
[EventDate "2009.04.04"]

1. d4 f5 2. e4 fxe4 3. Nc3 Nf6 4. Bg5 Nc6 5. d5 Ne5 6. Qd4 Nf7 7. Bxf6 exf6 8.
Qxe4+ Qe7 9. O-O-O Qxe4 10. Nxe4 f5 11. Ng3 g6 12. Re1+ Kd8 13. Nf3 Bc5 14. Re2
b6 15. Rd2 Re8 16. Bd3 Bb7 17. Rhd1 Nd6 18. c4 Re7 19. a3 a5 20. Re1 b5 21.
cxb5 Bxd5 22. Rxe7 Kxe7 23. Re2+ Kd8 24. a4 c6 25. bxc6 Bxc6 26. Bc2 Rb8 27.
Ne1 f4 28. Nf1 Rc8 29. g3 Nf5 30. Bxf5 gxf5 31. Kb1 Bg2 32. Nd2 Bc6 33. Nc4
Be4+ 34. Ka2 f3 35. Rd2 d5 36. Ne5 Bb4 37. Rd1 Bxe1 38. Rxe1 Rc2 39. Ka3 Rxf2
40. Nc6+ Kd7 41. Nxa5 Re2 0-1

[Event "XXXIIIè Obert del Catalunya Es"]
[Site "Barcelona (Spain)"]
[Date "2009.04.05"]
[Round "2.3"]
[White "Gonzalez Rodriguez, Jorge A"]
[Black "Mir Vinas, Pau Jose"]
[Result "1-0"]
[WhiteElo "2407"]
[BlackElo "1970"]
[PlyCount "64"]
[EventDate "2009.04.04"]

1. c4 e5 2. Nc3 Nf6 3. g3 Nc6 4. Bg2 g6 5. e3 Bg7 6. Nge2 O-O 7. a3 d6 8. O-O
Nh5 9. Nd5 f5 10. d3 Ne7 11. Rb1 c6 12. Nxe7+ Qxe7 13. b4 Be6 14. b5 d5 15.
bxc6 bxc6 16. Qa4 Rac8 17. Bd2 Rfd8 18. Ba5 Rd7 19. cxd5 cxd5 20. Rfc1 Rxc1+
21. Rxc1 Rb7 22. d4 e4 23. Qc6 Qd7 24. Qxd7 Bxd7 25. Nc3 Nf6 26. Bd8 Bc6 27.
Nxe4 Nxe4 28. Bxe4 dxe4 29. Rxc6 Kf7 30. Ba5 Ke7 31. Bb4+ Kd7 32. Ra6 Bf6 1-0

[Event "XXXIIIè Obert del Catalunya Es"]
[Site "Barcelona (Spain)"]
[Date "2009.04.05"]
[Round "2.4"]
[White "Martinez Diaz, Francisco Javier"]
[Black "Jerez Perez, Alfonso"]
[Result "0-1"]
[WhiteElo "1945"]
[BlackElo "2386"]
[PlyCount "56"]
[EventDate "2009.04.04"]

1. e4 c5 2. c3 Nf6 3. Qc2 Nc6 4. Nf3 d6 5. d4 cxd4 6. cxd4 g6 7. h3 Bg7 8. Bb5
O-O 9. O-O Bd7 10. Bxc6 bxc6 11. Nc3 Rb8 12. b3 c5 13. dxc5 Rc8 14. Be3 dxc5
15. Rad1 Qc7 16. Nd2 Qb7 17. Nc4 Be6 18. f3 Qa6 19. Na4 Nd7 20. Nab2 Nb6 21.
Rc1 Rfd8 22. Nd3 Bxc4 23. bxc4 Nxc4 24. Qxc4 Qxc4 25. Rxc4 Rxd3 26. Rxc5 Rb8
27. Bf2 Rd2 28. Be3 Re2 0-1

[Event "XXXIIIè Obert del Catalunya Es"]
[Site "Barcelona (Spain)"]
[Date "2009.04.05"]
[Round "2.5"]
[White "Perpinya Rofes, Lluis Maria"]
[Black "Mas Recorda, Pedro"]
[Result "1-0"]
[WhiteElo "2385"]
[BlackElo "1934"]
[PlyCount "59"]
[EventDate "2009.04.04"]

1. e4 e6 2. d4 d5 3. Nc3 Bb4 4. e5 Ne7 5. a3 Bxc3+ 6. bxc3 c5 7. Qg4 cxd4 8.
cxd4 Qc7 9. Kd1 Nf5 10. Bd3 h5 11. Qg5 g6 12. Nf3 Nc6 13. Re1 Ncxd4 14. Qf6 Rg8
15. Nxd4 Nxd4 16. Bg5 a6 17. Rb1 Nc6 18. h3 Qe7 19. g4 hxg4 20. hxg4 Qxa3 21.
Rh1 Qe7 22. Qf4 Qf8 23. Rh7 Rh8 24. Bh6 Qg8 25. Rg7 Qxg7 26. Bxg7 Rh1+ 27. Kd2
Rxb1 28. Qh6 Kd7 29. Bf6 Nb4 30. Qf8 1-0

[Event "XXXIIIè Obert del Catalunya Es"]
[Site "Barcelona (Spain)"]
[Date "2009.04.05"]
[Round "2.6"]
[White "Quero Ortega, Juan"]
[Black "Martin Grillo, Ruben"]
[Result "1/2-1/2"]
[WhiteElo "1928"]
[BlackElo "2229"]
[PlyCount "109"]
[EventDate "2009.04.04"]

1. c4 e6 2. Nc3 d5 3. cxd5 exd5 4. d4 Nf6 5. Nf3 c6 6. g3 Bd6 7. Bg2 O-O 8. O-O
h6 9. a3 Bf5 10. b4 a6 11. Bb2 Nbd7 12. Na4 Nb6 13. Nxb6 Qxb6 14. Qc1 a5 15.
bxa5 Rxa5 16. Nd2 Rfa8 17. Re1 Ra4 18. e4 Nxe4 19. Bxe4 Bxe4 20. Nxe4 dxe4 21.
Rxe4 Qb3 22. Re3 Qd5 23. Qe1 Rc4 24. Rc1 Rxc1 25. Qxc1 h5 26. h4 f5 27. Qd1 f4
28. Rf3 Re8 29. Qb3 Qxb3 30. Rxb3 Re7 31. Kg2 Kf7 32. gxf4 Ke6 33. Kf3 Kd5 34.
Re3 b5 35. Rd3 Re4 36. Bc1 Re1 37. Bb2 Rh1 38. Kg2 Rxh4 39. Rg3 Bxf4 40. Rxg7
Rg4+ 41. Rxg4 hxg4 42. f3 g3 43. Bc3 Kc4 44. Be1 Kxd4 45. Bxg3 Bxg3 46. Kxg3 c5
47. f4 Ke4 48. Kg4 c4 49. f5 Ke5 50. f6 Kxf6 51. Kf4 Ke6 52. Ke4 Kd6 53. Kd4
Kc6 54. a4 bxa4 55. Kxc4 1/2-1/2

[Event "XXXIIIè Obert del Catalunya Es"]
[Site "Barcelona (Spain)"]
[Date "2009.04.05"]
[Round "2.7"]
[White "Marches Rios, Joan Manuel"]
[Black "Flores Linan, Josep Luis"]
[Result "1-0"]
[WhiteElo "2215"]
[BlackElo "1889"]
[PlyCount "75"]
[EventDate "2009.04.04"]

1. d4 Nf6 2. c4 g6 3. Nc3 Bg7 4. e4 d6 5. Nf3 O-O 6. h3 c5 7. Be3 Na6 8. Be2
cxd4 9. Nxd4 Nc5 10. Qc2 Ne6 11. Nb3 Bd7 12. O-O a6 13. Rfd1 Qc7 14. Rac1 Rac8
15. Qb1 Qb8 16. Nd5 Nxd5 17. cxd5 Nc7 18. Na5 Bb5 19. Bxb5 Nxb5 20. Nc4 Na7 21.
Nb6 Rcd8 22. Qc2 Nc8 23. Nc4 Na7 24. b4 Rc8 25. Qb3 Rfd8 26. Bb6 Re8 27. a4 h5
28. Qe3 Rxc4 29. Rxc4 Nc8 30. Rdc1 Kh7 31. R1c2 Bh6 32. f4 Bxf4 33. Qxf4 Nxb6
34. Qxf7+ Kh6 35. Rc7 Qd8 36. a5 Rf8 37. Qxe7 Qxe7 38. Rxe7 1-0

[Event "XXXIIIè Obert del Catalunya Es"]
[Site "Barcelona (Spain)"]
[Date "2009.04.05"]
[Round "2.8"]
[White "Montiel, Juan Francisco"]
[Black "Capellades Subirana, Marc"]
[Result "0-1"]
[WhiteElo "1910"]
[BlackElo "2191"]
[PlyCount "108"]
[EventDate "2009.04.04"]

1. d4 Nf6 2. f3 d5 3. e4 dxe4 4. Nc3 e3 5. Bxe3 Bf5 6. Bd3 Bxd3 7. Qxd3 c6 8.
Nge2 e6 9. Ng3 Be7 10. Nge4 Nd5 11. Nxd5 cxd5 12. Qb5+ Qd7 13. Qxd7+ Nxd7 14.
Nf2 Rc8 15. c3 Nb6 16. Nd3 f6 17. f4 Kf7 18. Rd1 Bd6 19. O-O Rhe8 20. Rf3 f5
21. Rdf1 Kg8 22. Bc1 Nd7 23. h3 Nf6 24. Nf2 b5 25. a3 a5 26. Bd2 b4 27. axb4
axb4 28. g4 bxc3 29. Bxc3 g6 30. g5 Ne4 31. Nxe4 fxe4 32. R3f2 Ra8 33. Kg2 Rec8
34. Kg3 Kf7 35. Kg4 h5+ 36. gxh6 Rh8 37. h4 Rxh6 38. Rh1 Be7 39. Rff1 Rhh8 40.
Rc1 Kf6 41. Rhe1 Rhb8 42. Re2 Ra2 43. Rec2 Bb4 44. Kh3 Bxc3 45. bxc3 Rxc2 46.
Rxc2 Kf5 47. Kg3 Rb1 48. c4 Rb3+ 49. Kg2 dxc4 50. Rxc4 Kxf4 51. Rc5 Rb2+ 52.
Kf1 Kf3 53. Ke1 e3 54. Rc1 Rh2 0-1

[Event "XXXIIIè Obert del Catalunya Es"]
[Site "Barcelona (Spain)"]
[Date "2009.04.05"]
[Round "2.9"]
[White "Onna Amargant, Josep"]
[Black "Ridameya Tatche, Jose Miguel"]
[Result "1/2-1/2"]
[WhiteElo "1892"]
[BlackElo "2140"]
[PlyCount "35"]
[EventDate "2009.04.04"]

1. c4 Nf6 2. Nf3 g6 3. g3 Bg7 4. Bg2 d6 5. O-O O-O 6. Nc3 e5 7. d4 Nbd7 8. dxe5
dxe5 9. h3 c6 10. Be3 Qe7 11. Qc1 Re8 12. a3 b6 13. Rd1 Bb7 14. Bg5 Qe6 15. b3
Rab8 16. Bh6 Qe7 17. Bxg7 Kxg7 18. Qc2 1/2-1/2

[Event "XXXIIIè Obert del Catalunya Es"]
[Site "Barcelona (Spain)"]
[Date "2009.04.05"]
[Round "2.10"]
[White "Tolkachova, Vitalina"]
[Black "Gonzalez Garcia, Sergi"]
[Result "1/2-1/2"]
[WhiteElo "2130"]
[BlackElo "1884"]
[PlyCount "76"]
[EventDate "2009.04.04"]

1. d4 Nf6 2. Nf3 d5 3. c4 e6 4. Nc3 Be7 5. Bg5 Nbd7 6. e3 O-O 7. cxd5 exd5 8.
Bd3 c6 9. O-O h6 10. Bh4 Ne4 11. Bxe7 Qxe7 12. Qc2 Ndf6 13. Ne5 Nxc3 14. bxc3
Ng4 15. Nxg4 Bxg4 16. h3 Bd7 17. c4 b5 18. cxd5 cxd5 19. Qb3 Qd6 20. Rfc1 Rfc8
21. a3 a6 22. Qb4 Qxb4 23. axb4 Rxc1+ 24. Rxc1 Rc8 25. Rc5 Be6 26. h4 Kf8 27.
Kf1 Ke7 28. Ke2 Kd7 29. Rxc8 Kxc8 30. f3 f5 31. e4 fxe4 32. fxe4 Kc7 33. e5 Kd7
34. Kf3 Ke7 35. Kf4 Kf7 36. g4 g6 37. Bc2 Kg7 38. g5 h5 1/2-1/2

[Event "XXXIIIè Obert del Catalunya Es"]
[Site "Barcelona (Spain)"]
[Date "2009.04.06"]
[Round "3.1"]
[White "Ruiz Bravo, Alfonso"]
[Black "Karlsson, Lars"]
[Result "0-1"]
[WhiteElo "2078"]
[BlackElo "2446"]
[PlyCount "56"]
[EventDate "2009.04.04"]

1. e4 e6 2. d4 d5 3. Nc3 Nf6 4. Bg5 Be7 5. e5 Ne4 6. Bxe7 Qxe7 7. a3 Nxc3 8.
bxc3 O-O 9. Nf3 c5 10. Bd3 Nc6 11. O-O c4 12. Be2 f6 13. Re1 fxe5 14. Nxe5 Nxe5
15. dxe5 Bd7 16. Bf3 Be8 17. Qe2 Bg6 18. g3 Bxc2 19. Qxc2 Rxf3 20. a4 Raf8 21.
Re2 R8f7 22. Rb1 Qa3 23. Qb2 Qxb2 24. Rexb2 Rxc3 25. Rxb7 Rc1+ 26. Kg2 Rxb7 27.
Rxb7 d4 28. Kf3 Re1 0-1

[Event "XXXIIIè Obert del Catalunya Es"]
[Site "Barcelona (Spain)"]
[Date "2009.04.06"]
[Round "3.2"]
[White "Vidarte Morales, Arturo"]
[Black "Perez Calahorra, Ricardo"]
[Result "1-0"]
[WhiteElo "2428"]
[BlackElo "2048"]
[PlyCount "89"]
[EventDate "2009.04.04"]

1. d4 Nf6 2. c4 g6 3. Nc3 d5 4. Nf3 Bg7 5. Bg5 Ne4 6. cxd5 Nxc3 7. bxc3 Qxd5 8.
e3 Qa5 9. Qd2 c5 10. Rb1 a6 11. Be2 Nc6 12. O-O f6 13. Bh4 Nd8 14. d5 Nf7 15.
e4 Bh6 16. Qc2 Bf4 17. Bg3 Bxg3 18. hxg3 Qc7 19. c4 e5 20. dxe6 Bxe6 21. Qb2
Ne5 22. Nxe5 fxe5 23. Qxb7 Qxb7 24. Rxb7 O-O 25. Rb6 Bd7 26. Rd1 Ba4 27. Rd5
Rfb8 28. Rxb8+ Rxb8 29. Rxe5 Rb1+ 30. Kh2 Rb2 31. Bf3 Rxa2 32. Rxc5 Bb3 33. e5
Kf8 34. Rc7 Ra5 35. Bd5 Ra1 36. e6 Re1 37. Rxh7 a5 38. Ra7 a4 39. f4 Re3 40. g4
Bc2 41. Kg1 Bd1 42. f5 Bxg4 43. Rf7+ Ke8 44. f6 a3 45. Bc6+ 1-0

[Event "XXXIIIè Obert del Catalunya Es"]
[Site "Barcelona (Spain)"]
[Date "2009.04.06"]
[Round "3.3"]
[White "Cabot Muntane, Jordi"]
[Black "Gonzalez Rodriguez, Jorge A"]
[Result "0-1"]
[WhiteElo "2045"]
[BlackElo "2407"]
[PlyCount "88"]
[EventDate "2009.04.04"]

1. e4 c6 2. d4 d5 3. e5 Bf5 4. h4 h5 5. Bd3 Qd7 6. Nf3 Bxd3 7. Qxd3 e6 8. c3 c5
9. Nbd2 Nc6 10. Nf1 cxd4 11. cxd4 Nb4 12. Qe2 Rc8 13. Ne3 Nxa2 14. O-O Nxc1 15.
Rfxc1 Rxc1+ 16. Rxc1 Ne7 17. Qd3 Nc6 18. g3 Be7 19. Nh2 Kd8 20. f4 g6 21. Nf3
Kc8 22. Kg2 Kb8 23. Kh3 a6 24. Rd1 Nb4 25. Qb3 Qb5 26. Ng5 Bxg5 27. fxg5 Rc8
28. Rf1 Rc7 29. Rf3 a5 30. Qd1 Nc6 31. b3 Qb6 32. Nc2 Na7 33. Qd2 Nb5 34. Qf2
Qc6 35. Ne1 Qc1 36. Rxf7 Rxf7 37. Qxf7 Qxe1 38. Qf8+ Ka7 39. Kg2 Qd2+ 40. Kh1
Qxd4 41. Qe8 Qe4+ 42. Kg1 Nd4 43. Qd8 Qe1+ 44. Kg2 Qd2+ 0-1

[Event "XXXIIIè Obert del Catalunya Es"]
[Site "Barcelona (Spain)"]
[Date "2009.04.06"]
[Round "3.4"]
[White "Jerez Perez, Alfonso"]
[Black "Vives Cabau, Jordi"]
[Result "1-0"]
[WhiteElo "2386"]
[BlackElo "2048"]
[PlyCount "67"]
[EventDate "2009.04.04"]

1. e4 e5 2. Nf3 Nc6 3. d4 exd4 4. Nxd4 Nf6 5. Nxc6 bxc6 6. e5 Nd5 7. c4 Nb6 8.
Bd3 Bb4+ 9. Bd2 Qe7 10. O-O O-O 11. Re1 Bxd2 12. Nxd2 f6 13. Nf3 f5 14. Qd2 c5
15. Qf4 Bb7 16. Re3 Bxf3 17. Rxf3 Rae8 18. Re1 d6 19. Bxf5 g6 20. Qg4 Qg7 21.
Be6+ Kh8 22. Rxf8+ Qxf8 23. f4 Qg7 24. b3 c6 25. h4 Qe7 26. f5 Na8 27. exd6
Qxd6 28. Rd1 Qe5 29. Rd7 Qe3+ 30. Kh2 Qe5+ 31. Kh3 Rxe6 32. fxe6 Qe3+ 33. Kh2
Qe5+ 34. Qg3 1-0

[Event "XXXIIIè Obert del Catalunya Es"]
[Site "Barcelona (Spain)"]
[Date "2009.04.06"]
[Round "3.5"]
[White "Severri Arrese, Carlos"]
[Black "Perpinya Rofes, Lluis Maria"]
[Result "0-1"]
[WhiteElo "2026"]
[BlackElo "2385"]
[PlyCount "87"]
[EventDate "2009.04.04"]

1. d4 Nf6 2. Bg5 Ne4 3. Bf4 c5 4. e3 Qb6 5. Nc3 Nxc3 6. bxc3 d5 7. Bxb8 Rxb8 8.
Rb1 Qc7 9. Bb5+ Bd7 10. Nf3 Bxb5 11. Rxb5 e6 12. O-O Bd6 13. dxc5 Bxc5 14. Qd3
a6 15. Rb3 Be7 16. Rfb1 O-O 17. e4 Rfd8 18. e5 b5 19. Nd4 Rdc8 20. Qg3 Qa5 21.
h4 Qxa2 22. h5 h6 23. Qh3 Bc5 24. R1b2 Qa5 25. Ne2 Qa4 26. Qd3 Qh4 27. Qf3 Qg5
28. Ra2 Ra8 29. Rb1 Qxe5 30. Rba1 Qd6 31. Nf4 Qb6 32. g4 Bd6 33. Nd3 Rxc3 34.
g5 hxg5 35. h6 gxh6 36. Qf6 Rc4 37. Qxh6 Rg4+ 38. Kf1 Bf8 39. Qh3 Qd4 40. Rb1
Rc8 41. Rb3 Rh4 42. Qg2 Qg4 43. Qxg4 Rxg4 44. Ne5 0-1

[Event "XXXIIIè Obert del Catalunya Es"]
[Site "Barcelona (Spain)"]
[Date "2009.04.06"]
[Round "3.6"]
[White "Corretja Torrens, Jordi"]
[Black "Marches Rios, Joan Manuel"]
[Result "0-1"]
[WhiteElo "1872"]
[BlackElo "2215"]
[PlyCount "92"]
[EventDate "2009.04.04"]

1. d4 d5 2. Nf3 Nf6 3. e3 Bf5 4. Bd3 Bxd3 5. Qxd3 Nbd7 6. Nbd2 e6 7. c3 c5 8.
O-O Bd6 9. h3 O-O 10. e4 cxd4 11. cxd4 dxe4 12. Nxe4 Nxe4 13. Qxe4 Qc7 14. Bd2
Rac8 15. Rac1 Qb6 16. a3 Nf6 17. Qb1 h6 18. Rc3 Rxc3 19. Bxc3 Nd5 20. Bd2 Rd8
21. Re1 Be7 22. Qc1 Bf6 23. Re4 Ne7 24. Rg4 h5 25. Re4 Rc8 26. Bc3 Qc6 27. Qe1
Nd5 28. Ne5 Bxe5 29. Rxe5 g6 30. Qd2 Qc4 31. Qe1 Nxc3 32. bxc3 Qxc3 33. Qe4 Qc6
34. Qe2 Qc1+ 35. Kh2 Qf4+ 36. g3 Qf6 37. d5 Rc5 38. Qe3 b6 39. Qe2 Rxd5 40.
Rxd5 exd5 41. Qd2 d4 42. Kg2 Qe5 43. Qd3 b5 44. g4 hxg4 45. hxg4 a5 46. Qf3 Kg7
0-1

[Event "XXXIIIè Obert del Catalunya Es"]
[Site "Barcelona (Spain)"]
[Date "2009.04.06"]
[Round "3.7"]
[White "Capellades Subirana, Marc"]
[Black "Pimienta Sanchez, Manuel"]
[Result "1-0"]
[WhiteElo "2191"]
[BlackElo "1887"]
[PlyCount "117"]
[EventDate "2009.04.04"]

1. e4 g6 2. d4 Bg7 3. c3 d6 4. Bd3 Nf6 5. Ne2 O-O 6. f3 Nc6 7. Be3 e5 8. d5 Ne7
9. Qd2 Ne8 10. g4 f5 11. gxf5 gxf5 12. Na3 f4 13. Bf2 Bh3 14. Rg1 Ng6 15. Nc1
Kh8 16. Nb3 a5 17. O-O-O a4 18. Na1 Rg8 19. N1c2 Nh4 20. Qe2 Ng2 21. Ne1 Bf6
22. Nxg2 Bxg2 23. Bb5 Rg6 24. Nc2 Qe7 25. Ne1 Bh3 26. Rxg6 hxg6 27. Nc2 Bh4 28.
Rg1 Kh7 29. a3 Ng7 30. Nb4 Nh5 31. Nd3 Bf6 32. Be1 Qf7 33. Nf2 Bd7 34. Bc4 Bh4
35. Qf1 Bxf2 36. Bxf2 Qe8 37. Qg2 b5 38. Ba2 Qf7 39. Bh4 Be8 40. Kb1 Bd7 41.
Bg5 Rh8 42. Ka1 Be8 43. Rc1 Ng7 44. c4 Kg8 45. c5 Qd7 46. c6 Qh3 47. Qxh3 Rxh3
48. Bd8 Bf7 49. Bxc7 Ne8 50. Ba5 Rxf3 51. c7 Nxc7 52. Bxc7 Re3 53. Bb1 f3 54.
Bxd6 Bxd5 55. exd5 e4 56. Bg3 Kf7 57. d6 Re2 58. Ba2+ Ke8 59. Be6 1-0

[Event "XXXIIIè Obert del Catalunya Es"]
[Site "Barcelona (Spain)"]
[Date "2009.04.06"]
[Round "3.8"]
[White "Martin Grillo, Ruben"]
[Black "Vargas Drechsler, Carlos"]
[Result "1-0"]
[WhiteElo "2229"]
[BlackElo "2021"]
[PlyCount "55"]
[EventDate "2009.04.04"]

1. Nf3 Nc6 2. d4 d5 3. g3 Bg4 4. Bg2 Nf6 5. Ne5 e6 6. Nxc6 bxc6 7. O-O Be7 8.
c4 O-O 9. Nc3 c5 10. h3 Bh5 11. g4 Bg6 12. dxc5 d4 13. Bxa8 Qxa8 14. Qxd4 Rd8
15. Qe3 h5 16. Qf3 Ne4 17. Be3 Nxc3 18. bxc3 Be4 19. Qg3 h4 20. Qh2 f5 21. f3
Bc6 22. Qe5 Bf6 23. Qxe6+ Kh8 24. Qxf5 Bxc3 25. Rad1 Re8 26. Bd4 Bxd4+ 27. Rxd4
Rxe2 28. Rfd1 1-0